[Event "4th ch-Asia"]
[Site "Doha QAT"]
[Date "2003.02.25"]
[Round "4"]
[White "De Silva, N."]
[Black "Hilwani, T."]
[Result "1/2-1/2"]
[WhiteElo "2243"]
[BlackElo "2291"]
[PlyCount "120"]
[EventDate "2003.02.22"]
[SourceDate "2003.03.03"]

1. e4 e5 2. Nf3 Nf6 3. Nxe5 d6 4. Nf3 Nxe4 5. Nc3 Nxc3 6. dxc3 Be7 7. Be3 O-O
8. Qd2 Nc6 9. O-O-O Ne5 10. Nd4 c5 11. Nb3 Be6 12. f4 Nc4 13. Bxc4 Bxc4 14. f5
a5 15. f6 Bxf6 16. Qxd6 Qxd6 17. Rxd6 Rfe8 18. Bxc5 a4 19. Nd2 Bxa2 20. Bd4 Bg5
21. Kd1 Be6 22. Nf3 Bg4 23. Re1 Bf4 24. Rxe8+ Rxe8 25. Rb6 Bxh2 26. Rxb7 h5 27.
Bf2 g5 28. Rb4 a3 29. bxa3 Bxf3+ 30. gxf3 Bd6 31. Rb5 f6 32. Rb6 Be5 33. Bd4
Kf7 34. Kd2 h4 35. a4 h3 36. Bxe5 Rxe5 37. Rb1 f5 38. Rg1 Kg6 39. Rg3 g4 40.
fxg4 fxg4 41. Rxg4+ Rg5 42. Rh4 Rh5 43. Rg4+ Rg5 44. Rh4 Rh5 45. Rg4+ Kf5 46.
Rg1 Kf4 47. Kd3 Ra5 48. Kc4 Rxa4+ 49. Kb5 Ra2 50. c4 Rxc2 51. c5 h2 52. Rh1 Ke5
53. c6 Kd6 54. Rd1+ Ke6 55. Kb6 Rg2 56. c7 Rb2+ 57. Ka7 Rc2 58. Kb8 Ke5 59. Rf1
Rb2+ 60. Kc8 Ke4 1/2-1/2

[Event "4th ch-Asia"]
[Site "Doha QAT"]
[Date "2003.02.25"]
[Round "4"]
[White "Ahmed, SN."]
[Black "Ayyad, M."]
[Result "1-0"]
[WhiteElo "2309"]
[BlackElo "2200"]
[PlyCount "101"]
[EventDate "2003.02.22"]
[SourceDate "2003.03.03"]

1. e4 c5 2. Nf3 e6 3. d3 d6 4. g3 g6 5. Bg2 Bg7 6. c3 Ne7 7. O-O Nbc6 8. Na3
Rb8 9. d4 cxd4 10. Nxd4 d5 11. exd5 Nxd4 12. cxd4 Nxd5 13. Qa4+ Bd7 14. Qxa7
O-O 15. Be3 Re8 16. Rfc1 Bf8 17. Bxd5 exd5 18. Bf4 Rc8 19. Qxb7 Rxc1+ 20. Rxc1
Bh3 21. Nc2 Bg7 22. Ne3 Bxd4 23. Rd1 Bxe3 24. Bxe3 d4 25. Bh6 Qa5 26. f3 d3 27.
Qc6 Qa7+ 28. Kh1 Qe7 29. Qe4 Qd7 30. Qf4 Re2 31. Qb8+ Re8 32. Qf4 Qc6 33. Rc1
Qc2 34. Qd2 Qxd2 35. Bxd2 Re2 36. Bc3 Bg2+ 37. Kg1 Bxf3 38. Rd1 Rg2+ 39. Kf1
Rxg3 40. hxg3 Bxd1 41. Ke1 Bf3 42. Kd2 Be4 43. Ke3 f5 44. a4 Kf7 45. b4 Ke6 46.
Kd4 g5 47. Bd2 g4 48. b5 Kd6 49. Bf4+ Kd7 50. a5 Kc8 51. a6 1-0

[Event "4th ch-Asia"]
[Site "Doha QAT"]
[Date "2003.02.26"]
[Round "5"]
[White "Al Modiahki, M."]
[Black "Ganguly, S."]
[Result "1-0"]
[WhiteElo "2571"]
[BlackElo "2556"]
[PlyCount "105"]
[EventDate "2003.02.22"]
[SourceDate "2003.03.03"]

1. e4 e5 2. Nf3 Nc6 3. Bc4 Nf6 4. d3 Be7 5. O-O O-O 6. Bb3 d6 7. c3 Na5 8. Bc2
c5 9. Nbd2 Nc6 10. Re1 Qc7 11. a3 Be6 12. b4 a6 13. Bb3 b5 14. Bb2 h6 15. Bxe6
fxe6 16. bxc5 dxc5 17. a4 Rad8 18. axb5 axb5 19. Qb3 Nh5 20. Ra6 Nf4 21. g3 Nb8
22. gxf4 Nxa6 23. Qxe6+ Kh7 24. Qxa6 Rxf4 25. c4 Bf6 26. Re3 b4 27. Qe6 Rd6 28.
Bxe5 Bxe5 29. Qxe5 Rg6+ 30. Kf1 Qf7 31. Qxc5 Qb7 32. d4 Ra6 33. Qb5 Rb6 34. Qe5
Rf8 35. Qd5 Qa6 36. e5 Qa1+ 37. Re1 Qc3 38. Qe4+ Kg8 39. e6 b3 40. e7 Re8 41.
c5 Rbb8 42. Qe6+ Kh8 43. Qc4 Qa5 44. Nxb3 Qc7 45. Ne5 Qb7 46. Re3 Qh1+ 47. Ke2
Ra8 48. Nf7+ Kh7 49. Qc2+ g6 50. Nd6 Qxh2 51. Nxe8 Qh5+ 52. Kd2 Rxe8 53. Qe4
1-0

[Event "4th ch-Asia"]
[Site "Doha QAT"]
[Date "2003.02.26"]
[Round "5"]
[White "Sadvakasov, D."]
[Black "Adianto, U."]
[Result "1/2-1/2"]
[WhiteElo "2523"]
[BlackElo "2562"]
[PlyCount "123"]
[EventDate "2003.02.22"]
[SourceDate "2003.03.03"]

1. e4 g6 2. d4 Bg7 3. Nc3 d6 4. f4 Nf6 5. Nf3 O-O 6. Bd3 c5 7. dxc5 dxc5 8. e5
Nd5 9. Nxd5 Qxd5 10. c4 Qd8 11. Be3 Nc6 12. Be4 Qb6 13. Qb3 f6 14. Qb5 fxe5 15.
Bxc5 Qxb5 16. cxb5 Rxf4 17. Bd5+ e6 18. g3 Ra4 19. Bb3 Re4+ 20. Kd2 Na5 21. Bc2
Rc4 22. Be3 Bd7 23. b3 e4 24. Ng5 Bc3+ 25. Ke2 Rc7 26. Rad1 Bxb5+ 27. Kf2 Rf8+
28. Kg2 Bd4 29. Rxd4 Rxc2+ 30. Kh3 Re2 31. Bc1 Nc6 32. Rxe4 Rxe4 33. Nxe4 Bf1+
34. Kh4 Bg2 35. Re1 Nd4 36. Nd2 Rf2 37. g4 Ne2 38. Nc4 Bd5 39. Kg5 Rxh2 40. Nd6
Nd4 41. Kf6 Rxa2 42. Rf1 Rg2 43. Ke7 Nf3 44. Ne8 Bc6 45. Bh6 Rh2 46. Nf6+ Kh8
47. Rd1 Bd5 48. Rc1 Bc6 49. Rd1 Bd5 50. Rc1 Bc6 51. g5 Nd4 52. Kf7 Nf5 53. Bf8
h6 54. Rf1 hxg5 55. Rxf5 Be8+ 56. Nxe8 Rh7+ 57. Kxg6 exf5 58. Nf6 Rc7 59. Kxf5
a5 60. Kxg5 b5 61. Kg6 a4 62. bxa4 1/2-1/2

[Event "4th ch-Asia"]
[Site "Doha QAT"]
[Date "2003.02.26"]
[Round "5"]
[White "Torre, E."]
[Black "Rahman, Zia"]
[Result "1/2-1/2"]
[WhiteElo "2519"]
[BlackElo "2542"]
[PlyCount "28"]
[EventDate "2003.02.22"]
[SourceDate "2003.03.03"]

1. d4 e6 2. e4 d5 3. e5 c5 4. c3 Nc6 5. Nf3 Bd7 6. Be2 Nge7 7. O-O Ng6 8. Be3
Be7 9. Bd3 Qb6 10. Qd2 cxd4 11. cxd4 Nb4 12. Be2 Bb5 13. Nc3 Bxe2 14. Qxe2 O-O
1/2-1/2

[Event "4th ch-Asia"]
[Site "Doha QAT"]
[Date "2003.02.26"]
[Round "5"]
[White "Safin, S."]
[Black "Dzhumaev, M."]
[Result "1/2-1/2"]
[WhiteElo "2529"]
[BlackElo "2507"]
[PlyCount "85"]
[EventDate "2003.02.22"]
[SourceDate "2003.03.03"]

1. e4 d5 2. exd5 Qxd5 3. Nc3 Qa5 4. d4 Nf6 5. Nf3 c6 6. Bc4 Bf5 7. Bd2 Qb6 8.
Bb3 e6 9. Qe2 Nbd7 10. O-O-O O-O-O 11. Ne5 Nxe5 12. dxe5 Nd5 13. Na4 Qc7 14. c4
Nb4 15. Bxb4 Bxb4 16. c5 Qa5 17. Qe3 Qb5 18. Rd6 Ba5 19. Nc3 Qb4 20. Rhd1 Qg4
21. g3 Bc7 22. Rxd8+ Rxd8 23. Rxd8+ Kxd8 24. f4 Qh3 25. Qf2 g5 26. Bc2 gxf4 27.
gxf4 Bxc2 28. Kxc2 Qf5+ 29. Kb3 f6 30. Qd4+ Ke7 31. Qb4 fxe5 32. Qxb7 Kd7 33.
fxe5 a5 34. Qa6 h5 35. Na4 Qh3+ 36. Nc3 Qe3 37. Qf1 Qxe5 38. Qd3+ Kc8 39. Qa6+
Kd7 40. Qd3+ Ke8 41. Qg6+ Kd8 42. Qd3+ Kc8 43. Qa6+ 1/2-1/2

[Event "4th ch-Asia"]
[Site "Doha QAT"]
[Date "2003.02.26"]
[Round "5"]
[White "Kayumov, S."]
[Black "Kotsur, P."]
[Result "1/2-1/2"]
[WhiteElo "2479"]
[BlackElo "2586"]
[PlyCount "33"]
[EventDate "2003.02.22"]
[SourceDate "2003.03.03"]

1. e4 c5 2. Nf3 e6 3. d4 cxd4 4. Nxd4 a6 5. Be2 Nf6 6. Nc3 Bb4 7. O-O Bxc3 8.
bxc3 Nxe4 9. Qd3 d5 10. Ba3 Qc7 11. c4 Nc5 12. Qe3 O-O 13. Nf5 exf5 14. Bxc5 d4
15. Bxd4 Be6 16. Bxg7 Kxg7 17. Qg5+ 1/2-1/2

[Event "4th ch-Asia"]
[Site "Doha QAT"]
[Date "2003.02.26"]
[Round "5"]
[White "Dao Thien Hai"]
[Black "Hossain, Enam"]
[Result "1-0"]
[WhiteElo "2560"]
[BlackElo "2451"]
[PlyCount "83"]
[EventDate "2003.02.22"]
[SourceDate "2003.03.03"]

1. d4 d5 2. c4 c6 3. Nf3 Nf6 4. Nc3 dxc4 5. a4 Bf5 6. e3 e6 7. Bxc4 Bb4 8. O-O
Nbd7 9. Qe2 Bg6 10. e4 O-O 11. Bd3 h6 12. Rd1 Rc8 13. Bf4 Re8 14. h3 a6 15. Na2
Bf8 16. b4 a5 17. bxa5 Qxa5 18. Rdb1 c5 19. Ne5 Nxe5 20. dxe5 Qc7 21. Nc3 c4
22. Bc2 Nd7 23. Bg3 Nxe5 24. Rb5 Bd6 25. Rab1 Rb8 26. R5b2 Be7 27. Kh1 Red8 28.
Bh2 f6 29. f4 Nd3 30. f5 Qa5 31. Rb5 Qxc3 32. Bxb8 Rxb8 33. fxg6 Bd6 34. Bxd3
cxd3 35. Qa2 Re8 36. Rd1 Bb8 37. e5 fxe5 38. Rxb7 Qc6 39. Qb2 Qd6 40. Qb5 Rf8
41. Rd7 Qa3 42. Qb7 1-0

[Event "4th ch-Asia"]
[Site "Doha QAT"]
[Date "2003.02.26"]
[Round "5"]
[White "Iuldachev, S."]
[Black "Zagrebelny, S."]
[Result "0-1"]
[WhiteElo "2487"]
[BlackElo "2540"]
[PlyCount "98"]
[EventDate "2003.02.22"]
[SourceDate "2003.03.03"]

1. e4 c5 2. Nf3 d6 3. d4 cxd4 4. Nxd4 Nf6 5. Nc3 a6 6. Bg5 e6 7. f4 Nc6 8. Nxc6
bxc6 9. e5 h6 10. Bh4 g5 11. fxg5 Nd5 12. Nxd5 cxd5 13. Bg3 hxg5 14. Bd3 Bg7
15. exd6 e5 16. O-O Qxd6 17. Kh1 Be6 18. Qe2 Rh6 19. c4 d4 20. b4 Qxb4 21. Bxe5
Bxe5 22. Qxe5 Qb8 23. Rae1 g4 24. Kg1 Qxe5 25. Rxe5 Ke7 26. Rf4 Rah8 27. Rxg4
Kd6 28. Rge4 Rxh2 29. Ra5 Rh1+ 30. Kf2 Rd1 31. Be2 Rd2 32. Ke1 Rb2 33. Rxd4+
Kc7 34. Rxa6 Rh1+ 35. Kf2 Rc1 36. Ke3 Re1 37. Kf4 Rexe2 38. g4 Rxa2 39. Rxa2
Rxa2 40. Kg5 Ra8 41. Kf6 Rg8 42. Ke7 Kc6 43. Re4 Kc5 44. Kf6 Rg6+ 45. Ke7 Bxc4
46. Rf4 Be6 47. Ra4 Bc4 48. g5 Kd4 49. Ra5 Bd5 0-1

[Event "4th ch-Asia"]
[Site "Doha QAT"]
[Date "2003.02.26"]
[Round "5"]
[White "Bakre, T."]
[Black "Kunte, A."]
[Result "1/2-1/2"]
[WhiteElo "2464"]
[BlackElo "2507"]
[PlyCount "20"]
[EventDate "2003.02.22"]
[SourceDate "2003.03.03"]

1. e4 c5 2. Nf3 e6 3. d4 cxd4 4. Nxd4 a6 5. Bd3 g6 6. O-O Bg7 7. Nb3 d6 8. c4
Nf6 9. Nc3 O-O 10. Bg5 h6 1/2-1/2

[Event "4th ch-Asia"]
[Site "Doha QAT"]
[Date "2003.02.26"]
[Round "5"]
[White "Villamayor, B."]
[Black "Isaev, J."]
[Result "0-1"]
[WhiteElo "2489"]
[BlackElo "2438"]
[PlyCount "118"]
[EventDate "2003.02.22"]
[SourceDate "2003.03.03"]

1. Nf3 Nf6 2. c4 g6 3. Nc3 d5 4. cxd5 Nxd5 5. Qa4+ Bd7 6. Qh4 Nxc3 7. dxc3 Nc6
8. e4 e5 9. Bg5 Be7 10. Bc4 h5 11. Bxe7 Qxe7 12. Qxe7+ Kxe7 13. Bd5 Rad8 14.
O-O-O Bg4 15. Rd3 Rd6 16. Nd2 Be2 17. Re3 Ba6 18. Nf3 Kf6 19. g3 Re8 20. h4 Kg7
21. Rd1 Na5 22. Rd2 f6 23. Bb3 Red8 24. Rxd6 Rxd6 25. Nd2 b6 26. Bc2 c5 27. Re1
Bc8 28. Nf1 Be6 29. b3 Bg4 30. Ne3 Bf3 31. Nd5 Nc6 32. Re3 Bg2 33. a3 Rd7 34.
b4 cxb4 35. axb4 b5 36. Re2 a5 37. bxa5 Nxa5 38. f4 Bh3 39. fxe5 fxe5 40. Bd3
Nc4 41. Rf2 Ra7 42. Bxc4 bxc4 43. Kd2 Ra1 44. Re2 Bg4 45. Re3 Rd1+ 46. Kc2 Rf1
47. Kd2 Rf2+ 48. Kc1 Kf7 49. Nb6 Be2 50. Kd2 Bd3+ 51. Ke1 Rf1+ 52. Kd2 Ke6 53.
Na4 Kd6 54. Nb6 Rb1 55. Nd5 Bxe4 56. Nf6 Bd3 57. Rf3 Rb2+ 58. Kc1 Rc2+ 59. Kd1
e4 0-1

[Event "4th ch-Asia"]
[Site "Doha QAT"]
[Date "2003.02.26"]
[Round "5"]
[White "Paragua, M."]
[Black "Sadykov, R."]
[Result "1-0"]
[WhiteElo "2506"]
[BlackElo "2412"]
[PlyCount "79"]
[EventDate "2003.02.22"]
[SourceDate "2003.03.03"]

1. e4 c5 2. Nf3 d6 3. d4 cxd4 4. Nxd4 Nf6 5. Nc3 a6 6. Be3 e5 7. Nb3 Be6 8. f3
Be7 9. Qd2 O-O 10. O-O-O Qc7 11. Kb1 Rc8 12. g4 Nbd7 13. Qf2 b5 14. g5 Nh5 15.
h4 b4 16. Nd5 Bxd5 17. Rxd5 a5 18. Bh3 a4 19. Nc1 Rcb8 20. Bg4 Nf4 21. Bxf4
exf4 22. Bxd7 Qxd7 23. Qd2 Qc6 24. Ne2 b3 25. cxb3 axb3 26. a3 Qb6 27. Nxf4 Rc8
28. Rd4 Rab8 29. Nd5 Qa7 30. Rb4 Bd8 31. Rxb8 Rxb8 32. Rc1 Qd7 33. Qe3 Qh3 34.
f4 Qe6 35. f5 Qe5 36. Ka1 Ra8 37. Qxb3 Qxe4 38. Qb7 Qa4 39. Nb6 Qf4 40. Qc6 1-0

[Event "4th ch-Asia"]
[Site "Doha QAT"]
[Date "2003.02.26"]
[Round "5"]
[White "Kakageldyev, A."]
[Black "Kadhi, H."]
[Result "1-0"]
[WhiteElo "2469"]
[BlackElo "2334"]
[PlyCount "87"]
[EventDate "2003.02.22"]
[SourceDate "2003.03.03"]

1. d4 d5 2. c4 c6 3. Nf3 dxc4 4. a4 b5 5. e3 e6 6. axb5 cxb5 7. b3 Bb4+ 8. Bd2
Bxd2+ 9. Nbxd2 a5 10. bxc4 b4 11. Bd3 Nf6 12. O-O O-O 13. Qc2 Nc6 14. Ne4 h6
15. d5 Nb8 16. Nxf6+ Qxf6 17. e4 exd5 18. exd5 Nd7 19. c5 b3 20. Qxb3 Nxc5 21.
Bh7+ Kh8 22. Qe3 Bg4 23. Ne5 Kxh7 24. Nxg4 Qd6 25. Rac1 Rac8 26. Rfd1 Kg8 27.
Qf3 Nd7 28. Rc6 Qb4 29. Qg3 Kh7 30. h3 Rce8 31. Qc7 Re7 32. Rcc1 f5 33. d6 Ref7
34. Qc2 Kh8 35. Ne3 f4 36. Nf1 Qb5 37. Nh2 f3 38. Nxf3 Rxf3 39. gxf3 Ne5 40.
Qc5 Nxf3+ 41. Kh1 Qa4 42. d7 Rd8 43. Qc7 Qh4 44. Qxd8+ 1-0

[Event "4th ch-Asia"]
[Site "Doha QAT"]
[Date "2003.02.26"]
[Round "5"]
[White "Thipsay, P."]
[Black "Issa, R."]
[Result "1-0"]
[WhiteElo "2465"]
[BlackElo "2331"]
[PlyCount "98"]
[EventDate "2003.02.22"]
[SourceDate "2003.03.03"]

1. e4 c5 2. Nf3 d6 3. d4 cxd4 4. Nxd4 Nf6 5. Nc3 Nc6 6. Be2 e5 7. Nf3 h6 8. O-O
Be7 9. Re1 O-O 10. h3 Be6 11. Bf1 Nb8 12. a4 Nbd7 13. a5 a6 14. Nd5 Nxd5 15.
exd5 Bf5 16. Nd2 Rc8 17. c4 Bg5 18. b4 Bg6 19. Bb2 f5 20. Nf3 Bh5 21. Qb3 Bxf3
22. Qxf3 Bd2 23. Reb1 Bxb4 24. Bc1 Bxa5 25. Rxb7 Nc5 26. Rbb1 Bb6 27. Be3 a5
28. Qh5 Rf7 29. g4 Qc7 30. gxf5 Rcf8 31. Qg4 Kh8 32. Rb5 Rxf5 33. Rab1 Ba7 34.
Kh1 h5 35. Qg2 Qf7 36. Rxa5 e4 37. Be2 Bb8 38. Ra8 Bc7 39. Ra7 Nd3 40. Bxd3
exd3 41. Rd1 Rb8 42. Bd4 Kh7 43. Rg1 Rf4 44. Rxc7 Qxc7 45. Qg6+ Kg8 46. Bxg7
Qf7 47. Qh6 Qf5 48. Bf6+ Rg4 49. Rxg4+ Kf7 1-0

[Event "4th ch-Asia"]
[Site "Doha QAT"]
[Date "2003.02.26"]
[Round "5"]
[White "Al Sayed, Mohamad"]
[Black "Al Marri, O."]
[Result "1-0"]
[WhiteElo "2431"]
[BlackElo "2098"]
[PlyCount "55"]
[EventDate "2003.02.22"]
[SourceDate "2003.03.03"]

1. e4 e5 2. Nf3 Nc6 3. Bc4 Bc5 4. c3 Nf6 5. d3 a6 6. Nbd2 d6 7. Bb3 Ba7 8. O-O
O-O 9. h3 h6 10. Re1 Nh5 11. Nf1 Qf6 12. Be3 Be6 13. Ng3 Nxg3 14. fxg3 Bxe3+
15. Rxe3 Rad8 16. Qe2 Bxb3 17. axb3 Qe6 18. b4 f5 19. exf5 Qxf5 20. Nh4 Qg5 21.
Kh2 Ne7 22. d4 Nd5 23. Rf3 exd4 24. Qe6+ Kh7 25. Qe4+ Kg8 26. Rxf8+ Rxf8 27.
Ng6 Qf5 28. Qxd5+ 1-0

[Event "4th ch-Asia"]
[Site "Doha QAT"]
[Date "2003.02.26"]
[Round "5"]
[White "Sharavdorj, D."]
[Black "Turpanov, M."]
[Result "1-0"]
[WhiteElo "2438"]
[BlackElo "2351"]
[PlyCount "87"]
[EventDate "2003.02.22"]
[SourceDate "2003.03.03"]

1. d4 d5 2. Nf3 Nf6 3. c4 dxc4 4. Nc3 a6 5. e4 b5 6. e5 Nd5 7. a4 Nxc3 8. bxc3
Bb7 9. e6 f6 10. Be2 Bd5 11. O-O c6 12. Nh4 Bxe6 13. Bg4 Bf7 14. Re1 g6 15.
axb5 cxb5 16. Qf3 Bd5 17. Qxf6 Rg8 18. Ba3 Nc6 19. Nf3 Bg7 20. Qh4 h6 21. Be6
Bf6 22. Qf4 Rf8 23. Qxh6 Bxe6 24. Rxe6 Qd5 25. Qxg6+ Kd7 26. Re3 a5 27. Bc5 b4
28. Qc2 b3 29. Qe2 Rg8 30. g3 a4 31. Ba3 Rg7 32. Nd2 Na5 33. Ne4 Nc6 34. Nc5+
Kc8 35. Ne6 Rh7 36. Nf4 Qd7 37. Qxc4 Kb7 38. Ne6 Ra5 39. Nc5+ Rxc5 40. Bxc5 b2
41. Qb4+ Kc8 42. Qxb2 Qh3 43. f4 Qh5 44. Qe2 1-0

[Event "4th ch-Asia"]
[Site "Doha QAT"]
[Date "2003.02.26"]
[Round "5"]
[White "Annaberdiev, M."]
[Black "Kayle, C."]
[Result "1-0"]
[WhiteElo "2405"]
[BlackElo "2063"]
[PlyCount "109"]
[EventDate "2003.02.22"]
[SourceDate "2003.03.03"]

1. d4 d5 2. Nf3 Nf6 3. Bf4 c5 4. e3 Nc6 5. Nc3 a6 6. dxc5 e6 7. Na4 Nd7 8. Be2
Nxc5 9. Nxc5 Bxc5 10. O-O O-O 11. c4 dxc4 12. Bxc4 Qxd1 13. Rfxd1 b5 14. Bd3
Bb7 15. Rac1 Bb6 16. Be4 Rfd8 17. Ne5 Rac8 18. Nd7 Ba5 19. Nc5 Ba8 20. Nxa6 Nb4
21. Rxc8 Rxc8 22. Bxa8 Rxa8 23. Nxb4 Bxb4 24. a3 Be7 25. Be5 b4 26. axb4 Bxb4
27. Kf1 f6 28. Bc3 Bxc3 29. bxc3 Kf7 30. Rd7+ Kg6 31. Rc7 Ra2 32. c4 Rc2 33. c5
e5 34. e4 Kh6 35. c6 Kg6 36. Rc8 Kg5 37. g3 g6 38. Rc7 h5 39. h4+ Kg4 40. Kg2
f5 41. exf5 Kxf5 42. Rc8 Ke6 43. c7 Kd7 44. Rg8 Rxc7 45. Rxg6 Rc2 46. Rg5 Ke6
47. Rxh5 e4 48. Kf1 Ra2 49. Rg5 Kf6 50. Rg8 Kf7 51. Rg4 Ra4 52. Ke2 Kf6 53. Ke3
Kf5 54. Rg5+ Kf6 55. Rd5 1-0

[Event "4th ch-Asia"]
[Site "Doha QAT"]
[Date "2003.02.26"]
[Round "5"]
[White "Al Zendani, Z."]
[Black "Nezad, H."]
[Result "1-0"]
[WhiteElo "2313"]
[BlackElo "2334"]
[PlyCount "95"]
[EventDate "2003.02.22"]
[SourceDate "2003.03.03"]

1. e4 c6 2. d4 d5 3. Nc3 dxe4 4. Nxe4 Bf5 5. Ng3 Bg6 6. h4 h6 7. Nf3 Nd7 8. h5
Bh7 9. Bd3 Bxd3 10. Qxd3 e6 11. Bd2 Ngf6 12. Qe2 Be7 13. O-O-O O-O 14. Kb1 c5
15. dxc5 Qc7 16. Ne4 Nxc5 17. Nxc5 Qxc5 18. Be3 Qa5 19. Bd4 Rfd8 20. Ne5 Rac8
21. Rhe1 Qc7 22. g4 Bc5 23. Bxc5 Qxc5 24. c3 Rd5 25. Rxd5 Nxd5 26. Qf3 Qe7 27.
c4 Nb6 28. Qe2 Qc5 29. Nxf7 Nxc4 30. Nxh6+ gxh6 31. Qxe6+ Kh8 32. Qxh6+ Kg8 33.
Qg6+ Kf8 34. Qf6+ Kg8 35. Qg6+ Kf8 36. Qh6+ Kg8 37. a4 Qxf2 38. Qe6+ Kg7 39.
h6+ Kh7 40. Qd7+ Kxh6 41. Rh1+ Kg6 42. Qe6+ Kg7 43. Qd7+ Kg6 44. Qe6+ Kg7 45.
Qd7+ Kg6 46. Qd3+ Kg5 47. Rh5+ Kxg4 48. Qh3+ 1-0

[Event "4th ch-Asia"]
[Site "Doha QAT"]
[Date "2003.02.26"]
[Round "5"]
[White "Abu Sufian, S."]
[Black "Aliev, K."]
[Result "1/2-1/2"]
[WhiteElo "2226"]
[BlackElo "2317"]
[PlyCount "97"]
[EventDate "2003.02.22"]
[SourceDate "2003.03.03"]

1. e4 e5 2. Nf3 Nf6 3. Nxe5 d6 4. Nf3 Nxe4 5. d4 d5 6. Bd3 Nc6 7. O-O Bg4 8.
Re1 Be7 9. c3 Nf6 10. Bg5 O-O 11. Nbd2 h6 12. Bh4 Nh5 13. Bg3 Nxg3 14. hxg3 Bf6
15. Qc2 Qd6 16. Nh2 Bd7 17. f4 Ne7 18. b4 a5 19. b5 a4 20. Ndf3 c5 21. bxc6
bxc6 22. Ne5 c5 23. Nxd7 Qxd7 24. Qe2 Nc6 25. Ng4 Qd6 26. Nxf6+ Qxf6 27. dxc5
Qxc3 28. Rac1 Qf6 29. Bb1 Rfd8 30. Qd3 g6 31. a3 Rab8 32. Bc2 Ra8 33. Rb1 Qd4+
34. Qxd4 Nxd4 35. Bd1 Ne6 36. c6 Ra6 37. Rc1 Rc8 38. Bf3 Raxc6 39. Rxc6 Rxc6
40. Bxd5 Rc3 41. Bxe6 fxe6 42. Rxe6 Kf7 43. Ra6 Rxa3 44. g4 Ra1+ 45. Kh2 a3 46.
f5 gxf5 47. gxf5 h5 48. g3 Ke7 49. Kg2 1/2-1/2

[Event "4th ch-Asia"]
[Site "Doha QAT"]
[Date "2003.02.26"]
[Round "5"]
[White "Saleh, Nab"]
[Black "Mohammadi, H."]
[Result "1/2-1/2"]
[WhiteElo "2324"]
[BlackElo "2250"]
[PlyCount "110"]
[EventDate "2003.02.22"]
[SourceDate "2003.03.03"]

1. d4 Nf6 2. Nf3 g6 3. c4 Bg7 4. g3 d5 5. Bg2 O-O 6. cxd5 Nxd5 7. O-O Nb6 8.
Nc3 Nc6 9. d5 Na5 10. Qc2 e6 11. dxe6 Bxe6 12. Rd1 Qe7 13. Nd4 Bg4 14. h3 c5
15. Ndb5 Bf5 16. e4 Be6 17. Bf4 Nac4 18. Nc7 Rac8 19. N7d5 Bxd5 20. Nxd5 Nxd5
21. Rxd5 Ne5 22. Rad1 b6 23. Qa4 Rfe8 24. Be3 Rc7 25. Rd6 c4 26. R1d5 Nd3 27.
b3 Nb2 28. Qxe8+ Qxe8 29. Rd8 Kf8 30. bxc4 Nxc4 31. Bf4 Rc8 32. Rxe8+ Kxe8 33.
Bf1 Ke7 34. h4 Bc3 35. Rd1 Be5 36. Bxc4 Bxf4 37. Ba6 Rc1 38. Rxc1 Bxc1 39. Kf1
Kd6 40. Bc4 f6 41. Ke2 Ba3 42. f4 h6 43. Kf3 g5 44. hxg5 hxg5 45. e5+ fxe5 46.
fxg5 Bc1 47. Kg4 e4 48. Kf5 e3 49. Kf6 Kc5 50. Be2 b5 51. Ke5 a5 52. Ke4 a4 53.
Kd3 Bb2 54. Kxe3 b4 55. Bd1 a3 1/2-1/2

[Event "4th ch-Asia"]
[Site "Doha QAT"]
[Date "2003.02.26"]
[Round "5"]
[White "Hilwani, T."]
[Black "Al Tamimi, H."]
[Result "0-1"]
[WhiteElo "2291"]
[BlackElo "2182"]
[PlyCount "118"]
[EventDate "2003.02.22"]
[SourceDate "2003.03.03"]

1. g3 d5 2. Bg2 Nf6 3. Nf3 Bg4 4. c4 c6 5. cxd5 cxd5 6. Qb3 Qc8 7. Nc3 e6 8. d3
Nc6 9. Bg5 Be7 10. Rc1 O-O 11. O-O Qd7 12. Qa4 Bh5 13. e4 Rfd8 14. Rfe1 Bxf3
15. Bxf3 d4 16. Nb1 Ne5 17. Qd1 Nxf3+ 18. Qxf3 Qb5 19. Bxf6 Bxf6 20. Qe2 Rac8
21. Na3 Qa6 22. Rc2 Be7 23. Rec1 Rxc2 24. Qxc2 Bxa3 25. bxa3 Qxa3 26. Qc7 Rf8
27. Qc2 b5 28. Rb1 a6 29. Rb3 Qd6 30. f4 h6 31. a3 Qd7 32. Kf2 Rc8 33. Qb2 Qc6
34. a4 bxa4 35. Ra3 Rd8 36. Kg1 Qb5 37. Qc2 Rd6 38. Rxa4 Rc6 39. Rc4 Rxc4 40.
dxc4 Qb4 41. Kf2 Qc3 42. Qxc3 dxc3 43. Ke3 Kf8 44. Kd3 c2 45. Kxc2 Ke7 46. Kb3
Kd6 47. Kb4 Kc6 48. e5 h5 49. Ka5 Kc5 50. Kxa6 Kxc4 51. Kb6 Kd5 52. Kc7 f6 53.
exf6 gxf6 54. h4 e5 55. g4 hxg4 56. h5 g3 57. h6 g2 58. h7 g1=Q 59. h8=Q Qa7+
0-1

[Event "4th ch-Asia"]
[Site "Doha QAT"]
[Date "2003.02.27"]
[Round "6"]
[White "Adianto, U."]
[Black "Torre, E."]
[Result "1/2-1/2"]
[WhiteElo "2562"]
[BlackElo "2519"]
[PlyCount "92"]
[EventDate "2003.02.22"]
[SourceDate "2003.03.03"]

1. d4 Nf6 2. c4 e6 3. Nf3 Bb4+ 4. Nbd2 b6 5. a3 Bxd2+ 6. Bxd2 h6 7. g3 Bb7 8.
Bg2 O-O 9. O-O d6 10. b4 Nbd7 11. Bc3 Be4 12. Qd2 c6 13. Rac1 Qb8 14. Bb2 Rc8
15. Rfd1 b5 16. c5 d5 17. Bc3 Bh7 18. Qb2 Ne4 19. Be1 f6 20. Ra1 Ng5 21. a4
Nxf3+ 22. exf3 a6 23. Ra3 Qc7 24. Rda1 Rab8 25. axb5 axb5 26. Bd2 g5 27. f4 Bf5
28. fxg5 hxg5 29. Be3 Rb7 30. Qd2 Nf8 31. Ra6 Qh7 32. Ra8 Rxa8 33. Rxa8 Ra7 34.
Rxa7 Qxa7 35. h4 gxh4 36. gxh4 Ng6 37. h5 Nh4 38. Bg5 fxg5 39. Qxg5+ Ng6 40.
hxg6 Qa1+ 41. Kh2 Qxd4 42. Qd8+ Kg7 43. Qc7+ Kxg6 44. Qxc6 Qf4+ 45. Kg1 Qc1+
46. Kh2 Qf4+ 1/2-1/2

[Event "4th ch-Asia"]
[Site "Doha QAT"]
[Date "2003.02.27"]
[Round "6"]
[White "Sadvakasov, D."]
[Black "Dao Thien Hai"]
[Result "1/2-1/2"]
[WhiteElo "2523"]
[BlackElo "2560"]
[PlyCount "105"]
[EventDate "2003.02.22"]
[SourceDate "2003.03.03"]

1. e4 e5 2. Nf3 Nf6 3. Nxe5 d6 4. Nf3 Nxe4 5. d4 d5 6. Bd3 Nc6 7. O-O Be7 8. c4
Nb4 9. Be2 O-O 10. Nc3 Bf5 11. a3 Nxc3 12. bxc3 Nc6 13. Re1 Bf6 14. Bf4 Na5 15.
cxd5 Qxd5 16. Nd2 Qd7 17. g4 Be6 18. Be3 b5 19. a4 a6 20. axb5 axb5 21. Ne4 Bh4
22. Nc5 Qc6 23. Bf3 Bd5 24. Bxd5 Qxd5 25. Bf4 Qd8 26. Qf3 c6 27. Red1 Be7 28.
Bg3 Qc8 29. Nd3 Re8 30. d5 cxd5 31. Ne5 Bf6 32. Rxd5 Nc4 33. Rxa8 Qxa8 34. Nxc4
bxc4 35. Kg2 h6 36. h4 Re1 37. g5 hxg5 38. hxg5 Bxg5 39. Bc7 Qa1 40. Ra5 Qb1
41. Bh2 Qg6 42. Qf5 Qxf5 43. Rxf5 Bf6 44. Rc5 Rc1 45. Rxc4 Rxc3 46. Rxc3 Bxc3
47. Bd6 Kh7 48. Kh3 Kg6 49. Kg4 f5+ 50. Kg3 Kf6 51. f4 Ke6 52. Bc7 Kd5 53. Kf3
1/2-1/2

[Event "4th ch-Asia"]
[Site "Doha QAT"]
[Date "2003.02.27"]
[Round "6"]
[White "Rahman, Zia"]
[Black "Dzhumaev, M."]
[Result "1-0"]
[WhiteElo "2542"]
[BlackElo "2507"]
[PlyCount "89"]
[EventDate "2003.02.22"]
[SourceDate "2003.03.03"]

1. Nf3 f5 2. g3 Nf6 3. Bg2 g6 4. b4 c6 5. c4 d6 6. d4 Na6 7. a3 Nc7 8. Bb2 Bg7
9. Nbd2 O-O 10. O-O Kh8 11. Qc2 Be6 12. Rfe1 Qd7 13. e3 Rae8 14. a4 a6 15. Rac1
Bg8 16. Bh3 Qd8 17. Nb3 h6 18. Na5 Qa8 19. Bg2 g5 20. d5 cxd5 21. c5 Rc8 22.
cxd6 exd6 23. Nd4 Bh7 24. Nxf5 Ne6 25. Qb1 Rce8 26. e4 dxe4 27. Nxg7 Nxg7 28.
Qa1 Qd8 29. Nxb7 Qe7 30. Na5 Ng4 31. Nc6 Qf7 32. Rf1 Kg8 33. h3 Nf6 34. Nd4
Ngh5 35. Rc6 e3 36. fxe3 Rxe3 37. Rxd6 Rxg3 38. Ne2 Rxg2+ 39. Kxg2 Qe7 40. Qa2+
Rf7 41. Qe6 Bd3 42. Bxf6 Qb7+ 43. Kg1 Nxf6 44. Rxf6 Qa7+ 45. Nd4 1-0

[Event "4th ch-Asia"]
[Site "Doha QAT"]
[Date "2003.02.27"]
[Round "6"]
[White "Isaev, J."]
[Black "Safin, S."]
[Result "1/2-1/2"]
[WhiteElo "2438"]
[BlackElo "2529"]
[PlyCount "93"]
[EventDate "2003.02.22"]
[SourceDate "2003.03.03"]

1. e4 d5 2. exd5 Qxd5 3. Nc3 Qa5 4. d4 Nf6 5. Nf3 c6 6. Bc4 Bf5 7. Bd2 e6 8.
Qe2 Bb4 9. O-O-O Nbd7 10. a3 Bxc3 11. Bxc3 Qc7 12. Ne5 Nxe5 13. dxe5 Nd5 14.
Bd2 O-O-O 15. g4 Bg6 16. f4 h5 17. h3 Qb6 18. Rhf1 hxg4 19. hxg4 Qc5 20. Bb3
Rh3 21. Qf2 Qxf2 22. Rxf2 Be4 23. f5 Bf3 24. Rg1 Rdh8 25. c4 Nb6 26. fxe6 fxe6
27. c5 Nd5 28. Bd1 Bxd1 29. Kxd1 Rd8 30. Rf7 Rd7 31. Rf8+ Kc7 32. Kc1 b6 33.
Re8 bxc5 34. Rxe6 c4 35. Re8 c3 36. bxc3 Nxc3 37. Re1 Rd8 38. Re7+ Rd7 39.
Rxd7+ Kxd7 40. e6+ Ke8 41. Re5 Nd5 42. a4 a6 43. Rf5 Rh4 44. g5 Rg4 45. Rf7
Rxa4 46. Rxg7 Re4 47. Ra7 1/2-1/2